Rodds'Chemistry of Carbon Compounds : Vol.IV, Part E. Heterocyclic Compounds /

Na minha lista:
Detalhes bibliográficos
Outros Autores: Coffey, S (Compiler)
Formato: Livro
Publicado em: Amsterdam : Elsevier, 1977
Edição:2-nd Edition
Tags: Adicionar Tag
Sem tags, seja o primeiro a adicionar uma tag!

MARC

LEADER 00000nam a22000003a 4500
001 stu19750
005 20150617225751.7
008 ------s1977----ne----------------------d
040 |a STU  |b slo 
041 0
044 |a ne 
080 |a 547.7  |7 stu_us_auth*stu15545 
100 1 |a Coffey, S  |4 com 
245 1 |a Rodds'Chemistry of Carbon Compounds :  |b Vol.IV, Part E. Heterocyclic Compounds /  |c Edited by Coffey,S 
250 |a 2-nd Edition 
260 |a Amsterdam :  |b Elsevier,  |c 1977 
300 |a 521 s :  |b Index 
996 |b C78532  |c C*78532  |l CCIV  |s P  |a 0  |w stu19750_0001